000 00709nam a22001937a 4500
005 2010081302532.0
010 _aENG-100216
020 _a9788190919111
_c80.00
035 _aEN-83748
037 _bDBAD/PUB
082 _a328.54
100 _aAnbazhagan, M.
_913825
245 _aFinance ministers in Indian Parliament /
_cby M. Anbazhagan
260 _aSakthi Nagar
_bOm Sakthi Publishers
_c2009
270 _aBrammadesam Pudur, Brammadesam (Post)
_bSakthi Nagar
_e 638315
300 _a166p.:
_bill.
_c20cm (pbk)
942 _2ddc
_cEN
_h328.54
_mANB
999 _c41670
_d41670